| 000 | 00377nam a2200157Ia 4500 | ||
|---|---|---|---|
| 008 | 230917s9999||||xx |||||||||||||| ||und|| | ||
| 040 |
_e183350 _aMAIN |
||
| 041 | _aEnglish | ||
| 082 | _a579 B549W(4) | ||
| 100 | _aBitton, Gabriel | ||
| 245 | 0 | _aWastewater microbiology | |
| 250 | _a4th ed. | ||
| 260 |
_aHoboken _bJohn Wiley _c2011 |
||
| 300 | _axvi, 781 p. | ||
| 942 | _cBK | ||
| 999 |
_c161572 _d161572 |
||